书目信息 |
| 题名: |
忆秋白
|
|
| 作者: | 《忆秋白》编辑小组编 | |
| 分册: | ||
| 出版信息: | 北京 人民文学出版社 1981 |
|
| 页数: | 363页 | |
| 开本: | 21cm | |
| 丛书名: | ||
| 单 册: | ||
| 中图分类: | K827.6 , K81 | |
| 科图分类: | ||
| 主题词: | 传记 | |
| 电子资源: | ||
| ISBN: | ||
| 000 | 00562nam0 2200229 45 | |
| 001 | 1530851340 | |
| 005 | 20150128125023.21 | |
| 010 | @dCNY1.05 | |
| 091 | @aCN@b10019.3176 | |
| 100 | @a19950706d1981 em y0chiy0121 ea | |
| 101 | 0 | @achi |
| 102 | @aCN@b110000 | |
| 105 | @ay z 000yy | |
| 200 | 10 | @a忆秋白@Ayi qiu bai@f《忆秋白》编辑小组编 |
| 210 | @a北京@c人民文学出版社@d1981 | |
| 215 | @a363页@d21cm | |
| 600 | 0 | @a瞿秋白@x纪念文集 |
| 606 | 0 | @a传记 |
| 690 | @aK827.6@v3 | |
| 690 | @aK81@v4 | |
| 801 | 0 | @aCN@bTSSF@c20150128 |
| 905 | @aZUCC@dK81@eJY29 | |
| 忆秋白/《忆秋白》编辑小组编.-北京:人民文学出版社,1981 |
| 363页;21cm |
| ISBN :CNY1.05 |
| ● |
| 相关链接 |
|
|
|
|
正题名:忆秋白
索取号:K81/JY29
 
预约/预借
| 序号 | 登录号 | 条形码 | 馆藏地/架位号 | 状态 | 备注 |
| 1 | 7842540 | 278425401 | 学院路分馆/ [索取号:K81/JY29] | 在馆 |